Strains in an inflated rubber sheet, and the mechanism of brusting (Record no. 69367)
[ view plain ]
| 000 -LEADER | |
|---|---|
| fixed length control field | 00341nam a2200121Ia 4500 |
| 100 ## - MAIN ENTRY--AUTHOR NAME | |
| Personal name | Treloar L R G |
| 245 #0 - TITLE STATEMENT | |
| Title | Strains in an inflated rubber sheet, and the mechanism of brusting |
| 260 ## - PUBLICATION, DISTRIBUTION, ETC. (IMPRINT) | |
| Name of publisher | IRI Transactions |
| Year of publication | 1944 |
| 300 ## - PHYSICAL DESCRIPTION | |
| Number of Pages | 201-212 |
| 650 ## - SUBJECT ADDED ENTRY--TOPICAL TERM | |
| Topical Term | Inflated rubber sheet |
| 942 ## - ADDED ENTRY ELEMENTS (KOHA) | |
| Koha item type | Journals |
| Withdrawn status | Lost status | Damaged status | Not for loan | Home library | Current library | Shelving location | Date acquired | Serial Enumeration / chronology | Koha item type |
|---|---|---|---|---|---|---|---|---|---|
| Journals | RRII Library | RRII Library | Rubber chemistry | 17/12/2021 | Volume 19, Issue 6 | Journals |